| 000 | 01212cam a2200241 4500 | ||
|---|---|---|---|
| 001 | ABS66772 | ||
| 008 | 111208n2002 000 0 eng u | ||
| 035 | _a(Sirsi) u122514 | ||
| 100 | _aCullingworth, R. | ||
| 245 | 4 | _aThe new Part M | |
| 260 | _c2002 | ||
| 490 |
_aRICS Building Surveying Faculty: The Journal _v(5) 14-15(2) |
||
| 520 | _aExamines the details of the consultation on Approved Document M, setting out what the changes are and how they actually affect the net lettable area and occupiers' costs. The Building Act 1984: the Building Regulations 2000 - proposals for amending Part M 'Access to and use of buildings' can be viewed at www.communities.gov.uk. | ||
| 590 | _aABS | ||
| 650 | _aBUILDING REGULATIONS 1991 APPROVED DOCUMENT M (1999 EDITION) | ||
| 650 | _aDISABILITY DISCRIMINATION ACT 1995 | ||
| 650 | _aBS 8300: 2001 | ||
| 650 | _aMANAGEMENT-BUSINESS MANAGEMENT-DISCRIMINATION-DISABILITY DISCRIMINATION-ACCESSIBILITY | ||
| 650 | _aPUBLIC CONSULTATIONS | ||
| 690 | _aBUILT ENVIRONMENT-BUILDING STANDARDS | ||
| 856 |
_uhttps://www.communities.gov.uk/documents/planningandbuilding/pdf/158367.pdf _zView the consultation free of charge at www.communities.gov.uk |
||
| 942 | _n0 | ||
| 999 |
_c72816 _d72816 |
||